Largest Countries by letter - Statistics

General Stats
  • This quiz has been taken 51 times
  • The average score is 21 of 24
Answer Stats
Letter Answer % Correct
A Australia
100%
O Oman
98%
R Russia
98%
U United States
98%
B Brazil
96%
C Canada
96%
I India
96%
Y Yemen
96%
F France
94%
K Kazakhstan
92%
Q Qatar
92%
V Venezuela
92%
Z Zambia
92%
E Ethiopia
88%
G Germany
88%
J Japan
83%
H Honduras
81%
L Libya
79%
N Niger
79%
M Mexico
77%
P Peru
75%
T Tanzania
69%
S Saudi Arabia
67%
D Dominican Republic
65%
No matching quizzes found
Score Distribution
Percent of People with Each Score
Percentile by Number Answered
Your Score History
You have not taken this quiz